Umelá inteligencia pomáha s výrobou i triedi maily

Firmy, ktoré využívajú umelú inteligenciu (AI-Artificial Intelligence) a zapojili strojové učenie (Machine Learning) do svojich procesov, podľa nedávnej štúdie The Economist, zaznamenali o 43% vyšší rast. Hovoria o zjednodušení prevádzky a vyšších ziskoch.

Gespeichert in:
Bibliographische Detailangaben
1. Verfasser: Mravčák, Peter
Format: Buchkapitel
Sprache:Slowakisch
Schlagworte:
Tags: Tag hinzufügen
Keine Tags, Fügen Sie das erste Tag hinzu!

MARC

LEADER 00000naa a2200000 4500
001 0261427
005 20200121141440.4
041 0 |a slo 
044 |a SK 
245 1 0 |a Umelá inteligencia pomáha s výrobou i triedi maily  |c Peter Mravčák 
520 |a Firmy, ktoré využívajú umelú inteligenciu (AI-Artificial Intelligence) a zapojili strojové učenie (Machine Learning) do svojich procesov, podľa nedávnej štúdie The Economist, zaznamenali o 43% vyšší rast. Hovoria o zjednodušení prevádzky a vyšších ziskoch. 
610 2 0 |a pokrok vedeckotechnický 
610 2 0 |a technológie nové 
610 2 0 |a inteligencia umelá 
610 2 0 |a využitie počítačov 
610 2 0 |a programy počítačové 
610 2 0 |a firmy 
100 1 |a Mravčák, Peter